000 00775nam a2200217Ia 4500
005 20241129111401.0
008 241129s9999||||xx |||||||||||||| ||und||
020 _a978-93-91993-37-5
037 _aTB
040 _aCRL
_bhin
_cCRL
041 _asan
_2san
084 _aP15:3 R1
_qCRL
100 _aद्विवेदी, श्रेयांश, ले.
245 0 _aकृत्प्रत्यय - विमर्शः
_cद्विवेदी, श्रेयांश, ले.
260 _aनई दिल्ली, भारत
_bसत्यम् पब्लिशिंग हाउस
_c2021
300 _a137पृ0
365 _aINR
_b500
650 _aSanskrit Language
_91031
942 _cTB
_hP15:3 R1
999 _c1230216
_d1230216